Symposium on the methodology for the survey , Monitoring and appraisal of fishery resources in lakes and large rivers ./ (Record no. 111292)
[ view plain ]
| 000 -LEADER | |
|---|---|
| fixed length control field | 00542nam a22001697a 4500 |
| 003 - CONTROL NUMBER IDENTIFIER | |
| control field | BD-ChCU |
| 005 - DATE AND TIME OF LATEST TRANSACTION | |
| control field | 20260127093102.0 |
| 008 - FIXED-LENGTH DATA ELEMENTS--GENERAL INFORMATION | |
| fixed length control field | 260127b bg ||||| |||| 00| 0 ben d |
| 040 ## - CATALOGING SOURCE | |
| Transcribing agency | BD-ChCU |
| 082 ## - DEWEY DECIMAL CLASSIFICATION NUMBER | |
| Classification number | REF 639.312 SYM |
| 100 ## - MAIN ENTRY--PERSONAL NAME | |
| Personal name | Robin L . ed. |
| 9 (RLIN) | 19716 |
| 245 ## - TITLE STATEMENT | |
| Title | Symposium on the methodology for the survey , Monitoring and appraisal of fishery resources in lakes and large rivers ./ |
| Statement of responsibility, etc. | L. Robin . |
| 260 ## - PUBLICATION, DISTRIBUTION, ETC. | |
| Place of publication, distribution, etc. | Rome : |
| Name of publisher, distributor, etc. | F A O , |
| Date of publication, distribution, etc. | C 1975 |
| 300 ## - PHYSICAL DESCRIPTION | |
| Extent | vol . 1 & 2. |
| 650 #0 - SUBJECT ADDED ENTRY--TOPICAL TERM | |
| Topical term or geographic name entry element | Fisheries . Zoology . |
| 9 (RLIN) | 19721 |
| 942 ## - ADDED ENTRY ELEMENTS (KOHA) | |
| Source of classification or shelving scheme | Dewey Decimal Classification |
| Koha item type | Books |
| Suppress in OPAC | No |
| Withdrawn status | Lost status | Source of classification or shelving scheme | Damaged status | Not for loan | Home library | Current library | Shelving location | Date acquired | Source of acquisition | Total Checkouts | Full call number | Barcode | Date last seen | Copy number | Price effective from | Koha item type | Public note |
|---|---|---|---|---|---|---|---|---|---|---|---|---|---|---|---|---|---|
| Dewey Decimal Classification | Chittagong University Library | Chittagong University Library | Reference | 01/27/2026 | Purchase | REF 639.312 SYM/V.1 | 150717 | 01/27/2026 | C-1 | 01/27/2026 | Books | V.1 : | |||||
| Dewey Decimal Classification | Chittagong University Library | Chittagong University Library | Reference | 01/27/2026 | Purchase | REF 639.312 SYM/V.2 | 150718 | 01/27/2026 | C-2 | 01/27/2026 | Books | V.2 : |